000 00660nam a2200181Ia 4500
003 GCL
008 140319s9999 xx 000 0 ara d
040 _aGCL /
_cGCL
082 0 4 _a342.06
_bع ق
100 1 _aعبدالمنعم محفوظ
245 1 0 _aالقانون الادارى فلسفة وتطبيقا ( دراسات تاهيلية فى تنظيم ونظام الادارة العامة /
_cعبدالمنعم محفوظ
260 _a[S.N] :
_bلجنة الاعلام والدراسات المستقبلية ،
_c1994
300 _a498 ص
490 _a
650 0 4 _aالقانون
650 0 4 _aالقانون الادارى
942 _2ddc
_cBK
999 _c52538
_d52538